[Event "Mallorca-ch C"]
[Site "Palma de Mallorca"]
[Date "2018.11.10"]
[Round "1.10"]
[White "Diez Cabeza, Vicente"]
[Black "Garcia Adell, Ivan"]
[Result "1/2-1/2"]
[WhiteElo "1616"]
[BlackElo "1448"]
[PlyCount "113"]
[EventDate "2018.11.10"]
[EventType "swiss"]
[EventRounds "6"]
[EventCountry "ESP"]
[SourceTitle "EXT 2024"]
[Source "ChessBase"]
[SourceDate "2023.10.10"]
[SourceVersion "1"]
[SourceVersionDate "2023.10.10"]
[SourceQuality "1"]

1. e4 e5 2. d4 exd4 3. Qxd4 Nc6 4. Qe3 Bb4+ 5. Nc3 d6 6. Bd2 Nf6 7. a3 Bc5 8. Qg3 Nh5 9. Qf3 Nf6 10. Bc4 Nd4 11. Qd1 Bg4 12. f3 Be6 13. Bxe6 fxe6 14. b4 Bb6 15. Na4 c6 16. c3 Nb5 17. c4 Nd4 18. c5 Bc7 19. Be3 Nb5 20. cxd6 Bxd6 21. Qb3 Qe7 22. Ne2 0-0 23. Nc5 Rfe8 24. a4 Nc7 25. 0-0 Rab8 26. Nd4 b6 27. Nxc6 Qf7 28. Nxb8 Rxb8 29. Nd3 Rd8 30. e5 Ncd5 31. Rfe1 Nxe3 32. Rxe3 Nd5 33. Re4 Be7 34. Qc4 Bg5 35. f4 Bh6 36. g3 Ne7 37. Rd4 Rc8 38. Qxc8+ Nxc8 39. Rd8+ Qf8 40. Rxf8+ Kxf8 41. Rc1 Ne7 42. Rc7 g5 43. Rxa7 gxf4 44. a5 bxa5 45. bxa5 fxg3 46. Ra8+ Kf7 47. hxg3 Kg6 48. a6 Nc6 49. Kg2 Be3 50. Kf3 Bg1 51. Rc8 Na7 52. Rc7 h5 53. Nf4+ Kf5 54. Nxh5 Kxe5 55. g4 Nb5 56. Ng7 Nxc7 57. g5 1/2-1/2

[Event "Calvia Bellon Memorial"]
[Site "Calvia"]
[Date "2018.04.28"]
[Round "3.3"]
[White "Ermachenko, Manuel"]
[Black "Garcia Adell, Ivan"]
[Result "1-0"]
[WhiteElo "1754"]
[BlackElo "1425"]
[PlyCount "63"]
[EventDate "2018.04.27"]
[EventType "swiss"]
[EventRounds "5"]
[EventCountry "ESP"]
[SourceTitle "EXT 2024"]
[Source "ChessBase"]
[SourceDate "2023.10.10"]
[SourceVersion "1"]
[SourceVersionDate "2023.10.10"]
[SourceQuality "1"]

1. e4 e5 2. Nf3 Nc6 3. Bb5 a6 4. Ba4 Nf6 5. 0-0 Bc5 6. c3 0-0 7. d4 exd4 8. cxd4 Bb6 9. Nc3 d5 10. Bxc6 bxc6 11. e5 Ne4 12. Be3 Bf5 13. Rc1 h6 14. Ne2 Bd7 15. Ng3 Re8 16. Qd3 Ng5 17. Nxg5 hxg5 18. f4 g4 19. f5 Qh4 20. f6 g6 21. Rf4 Kh7 22. Ne2 Rh8 23. g3 Qh3 24. Rf2 Kg8 25. Nf4 Qh7 26. e6 fxe6 27. Nxg6 Be8 28. Ne7+ Kf7 29. Qa3 Qh5 30. Nxc6 Bxc6 31. Qe7+ Kg6 32. Qg7# 1-0

[Event "Mallorca-ch School U14"]
[Site "Mallorca"]
[Date "2018.02.23"]
[Round "4"]
[White "Ferrer Agus, Rodrigo"]
[Black "Garcia Adell, Ivan"]
[Result "1/2-1/2"]
[WhiteElo "1555"]
[BlackElo "1379"]
[PlyCount "144"]
[EventDate "2018.02.02"]
[EventType "swiss"]
[EventRounds "6"]
[EventCountry "ESP"]
[SourceTitle "EXT 2024"]
[Source "ChessBase"]
[SourceDate "2023.10.10"]
[SourceVersion "1"]
[SourceVersionDate "2023.10.10"]
[SourceQuality "1"]

1. e4 e5 2. Nf3 Nc6 3. Bb5 a6 4. Ba4 Nf6 5. d3 b5 6. Bb3 Bc5 7. 0-0 Nd4 8. Nxe5 Nxb3 9. axb3 Bb7 10. Nd2 d6 11. Nef3 Qe7 12. Re1 0-0-0 13. Nf1 h6 14. Be3 Bxe3 15. Nxe3 g5 16. Nf5 Qd7 17. c4 c5 18. Qc2 Nh5 19. b4 Kb8 20. bxc5 dxc5 21. cxb5 Qxb5 22. Qc4 Qxc4 23. dxc4 Rh7 24. Ne5 f6 25. Ng4 Rd2 26. Rab1 Rc2 27. Nfe3 Rd2 28. Nd5 Bxd5 29. exd5 f5 30. Ne3 f4 31. Nf5 Rc2 32. Rec1 Re2 33. Re1 Rc2 34. b4 Rxc4 35. bxc5+ Kc7 36. c6 Nf6 37. Rb7+ Kd8 38. Rxh7 Nxh7 39. Re8+ Kc7 40. Re7+ Kb8 41. h3 Rc1+ 42. Kh2 Nf6 43. Nd6 Nxd5 44. Rb7+ Ka8 45. Rh7 Rxc6 46. Rxh6 a5 47. Rh8+ Ka7 48. Rd8 a4 49. Nb5+ Ka6 50. Rxd5 Rg6 51. Na3 Kb6 52. g3 fxg3+ 53. fxg3 Ka6 54. Kg2 Kb6 55. Kf3 Rc6 56. Kg4 Rc3 57. Nb5 Rb3 58. Nd4 Rb4 59. Kxg5 a3 60. Nc2 Rb3 61. Nxa3 Rxg3+ 62. Kf4 Rxa3 63. h4 Ra4+ 64. Kg5 Ra1 65. Kg6 Kc6 66. Rg5 Kd7 67. Kg7 Ke6 68. h5 Ra7+ 69. Kg6 Ra8 70. Kh7 Kf6 71. Rg6+ Kf7 72. Rg7+ Kf6 1/2-1/2

[Event "Mallorca-ch School U14"]
[Site "Mallorca"]
[Date "2018.02.16"]
[Round "3"]
[White "Garcia Adell, Ivan"]
[Black "Segura Calvo, Alberto"]
[Result "1-0"]
[WhiteElo "1379"]
[BlackElo "1322"]
[PlyCount "67"]
[EventDate "2018.02.02"]
[EventType "swiss"]
[EventRounds "6"]
[EventCountry "ESP"]
[SourceTitle "EXT 2024"]
[Source "ChessBase"]
[SourceDate "2023.10.10"]
[SourceVersion "1"]
[SourceVersionDate "2023.10.10"]
[SourceQuality "1"]

1. e4 e5 2. Nf3 Nc6 3. Bc4 Bc5 4. c3 Nf6 5. d4 Bd6 6. Qe2 b6 7. Bg5 h6 8. Bxf6 Qxf6 9. d5 Ne7 10. Nbd2 Bb7 11. Nf1 0-0 12. Ne3 Ng6 13. g3 c6 14. 0-0 Rae8 15. b4 b5 16. Bb3 a6 17. Nf5 Bc7 18. Rad1 cxd5 19. Bxd5 Bxd5 20. Rxd5 d6 21. Rfd1 Re6 22. Ra1 Ne7 23. Nxe7+ Rxe7 24. a4 Rb8 25. Kg2 Re6 26. axb5 axb5 27. Rxb5 Ree8 28. Ra7 Rec8 29. Rbb7 Rxb7 30. Rxb7 Bd8 31. Qd3 Qe6 32. Qd5 Qe8 33. Qxd6 Rxc3 34. Rb8 1-0

[Event "Santa Margalida Mallorca-ch"]
[Site "Santa Margalida"]
[Date "2016.11.19"]
[Round "4"]
[White "Garcia Adell, Ivan"]
[Black "Alemany Ramon, Angel"]
[Result "1/2-1/2"]
[WhiteElo "1399"]
[BlackElo "1367"]
[PlyCount "72"]
[EventDate "2016.11.11"]
[EventType "swiss"]
[EventRounds "8"]
[EventCountry "ESP"]
[SourceTitle "EXT 2018"]
[Source "ChessBase"]
[SourceDate "2017.10.13"]
[SourceVersion "1"]
[SourceVersionDate "2017.10.13"]
[SourceQuality "1"]

1. e4 d6 2. d4 g6 3. Nf3 Bg7 4. Nc3 Nf6 5. Bc4 0-0 6. Bg5 Nbd7 7. Qd2 Re8 8. e5 dxe5 9. dxe5 Nb6 10. 0-0-0 Qxd2+ 11. Rxd2 Nxc4 12. Rd4 Nxb2 13. Kxb2 Ng4 14. Rhd1 Be6 15. Bf4 Nxf2 16. R1d2 Ng4 17. h3 Nh6 18. Nb5 Rec8 19. Nxc7 Rxc7 20. Rd8+ Rxd8 21. Rxd8+ Bf8 22. Bxh6 Rc8 23. Rxc8 Bxc8 24. Be3 a6 25. a4 e6 26. Nd2 Bd7 27. Kb3 Bc6 28. g4 Bd5+ 29. c4 Bg2 30. h4 Bh3 31. g5 Bg7 32. Bd4 Bg4 33. Ne4 Bd1+ 34. Kb4 Bf8+ 35. Nd6 Be7 36. c5 Bd8 1/2-1/2

[Event "Balears School-ch U12"]
[Site "S'Arenal"]
[Date "2016.05.??"]
[Round "1.2"]
[White "Canyelles Sureda, Joan"]
[Black "Garcia Adell, Ivan"]
[Result "0-1"]
[WhiteElo "1184"]
[BlackElo "1399"]
[PlyCount "50"]
[EventDate "2016.05.20"]
[EventType "swiss"]
[EventRounds "5"]
[EventCountry "ESP"]
[SourceTitle "EXT 2024"]
[Source "ChessBase"]
[SourceDate "2023.10.10"]
[SourceVersion "1"]
[SourceVersionDate "2023.10.10"]
[SourceQuality "1"]

1. e4 c5 2. Nf3 e6 3. d4 cxd4 4. Nxd4 Nf6 5. Nc3 Nc6 6. Nxc6 bxc6 7. e5 Nd5 8. Nxd5 cxd5 9. Bb5 Qb6 10. Qe2 Rb8 11. a4 a6 12. Bd3 d6 13. 0-0 g6 14. c3 Bg7 15. Be3 Qc6 16. exd6 Qxd6 17. Rfb1 Qc6 18. Re1 0-0 19. Bd4 Rb3 20. Reb1 Re8 21. Be5 f6 22. Bd4 e5 23. Bc2 exd4 24. Bxb3 Rxe2 25. cxd4 Bb7 0-1

[Event "Balears School-ch U12"]
[Site "S'Arenal"]
[Date "2016.05.??"]
[Round "3.1"]
[White "Gomila Benejam, Doro"]
[Black "Garcia Adell, Ivan"]
[Result "1-0"]
[WhiteElo "1494"]
[BlackElo "1399"]
[PlyCount "47"]
[EventDate "2016.05.20"]
[EventType "swiss"]
[EventRounds "5"]
[EventCountry "ESP"]
[SourceTitle "EXT 2024"]
[Source "ChessBase"]
[SourceDate "2023.10.10"]
[SourceVersion "1"]
[SourceVersionDate "2023.10.10"]
[SourceQuality "1"]

1. e4 c5 2. d4 cxd4 3. c3 dxc3 4. Nxc3 Nc6 5. Bc4 e5 6. Qd5 Qe7 7. Nf3 Nf6 8. Qd3 d6 9. Bg5 Nb4 10. Qd2 Bg4 11. a3 Nc6 12. Nd5 Qd8 13. Bxf6 gxf6 14. Nh4 Rc8 15. Ne3 Be6 16. Be2 Nd4 17. Rc1 Bh6 18. 0-0 f5 19. Nhxf5 Nxf5 20. exf5 Bxf5 21. Rxc8 Qxc8 22. Qxd6 Bf4 23. Nxf5 Rg8 24. Qe7# 1-0

[Event "Mallorca School-ch U12"]
[Site "Palma de Mallorca"]
[Date "2016.??.??"]
[Round "8.1"]
[White "Ferrer Agius, Rodrigo"]
[Black "Garcia Adell, Ivan"]
[Result "1-0"]
[WhiteElo "1345"]
[BlackElo "1267"]
[PlyCount "23"]
[EventDate "2016.02.18"]
[EventType "swiss"]
[EventRounds "8"]
[EventCountry "ESP"]
[SourceTitle "EXT 2024"]
[Source "ChessBase"]
[SourceDate "2023.10.10"]
[SourceVersion "1"]
[SourceVersionDate "2023.10.10"]
[SourceQuality "1"]

1. e4 e5 2. Nf3 Nc6 3. Bb5 Bc5 4. d3 Nf6 5. Nc3 d6 6. h3 Be6 7. Bg5 Qd7 8. Bxf6 gxf6 9. Nd5 0-0-0 10. Bxc6 Qxc6 11. Ne7+ Kd7 12. Nxc6 1-0